Statistiche per Bandiere delle Americhe

Clicka qui per fare il quiz!

Statistiche generali

  • Questo quiz è stato fatto 6.820 volte
  • Il punteggio medio è 25 su 35

Statistiche sulle risposte

Risposta% Corretto
Canada
100%
Brasile
99%
Messico
99%
Stati Uniti
99%
Argentina
97%
Giamaica
94%
Colombia
93%
Uruguay
90%
Venezuela
90%
Cuba
85%
Cile
84%
Ecuador
83%
Perù
80%
Panama
78%
Barbados
76%
Honduras
70%
Repubblica Dominicana
70%
Costa Rica
67%
Paraguay
66%
Guatemala
63%
Nicaragua
62%
El Salvador
61%
Santa Lucia
61%
Trinidad e Tobago
59%
Bahamas
57%
Haiti
56%
Antigua e Barbuda
55%
Bolivia
55%
Belize
54%
Suriname
53%
Guyana
51%
Dominica
50%
Grenada
47%
Saint Kitts e Nevis
46%
Saint Vincent e Grenadine
45%

Distribuzione punteggi

Percentile per numero di risposta

Percentuale di utenti per punteggio

I tuoi punteggi nel tempo

Non hai fatto questo quiz